[Event "22nd ch-EUR Indiv 2022"]
[Site "Terme Catez SLO"]
[Date "2022.04.06"]
[Round "11.6"]
[White "Bernadskiy, Vitaliy"]
[Black "Ragger, Markus"]
[Result "1/2-1/2"]
[WhiteTitle "GM"]
[BlackTitle "GM"]
[WhiteElo "2606"]
[BlackElo "2647"]
[WhiteFideId "14100371"]
[BlackFideId "1610856"]
[EventDate "2022.03.27"]

1. d4 Nf6 2. c4 g6 3. g3 c6 4. Bg2 d5 5. Qa4 Bg7 6. cxd5 O-O 7. dxc6 Nxc6 8. Nf3
Nd5 9. Nc3 Nb6 10. Qd1 Nxd4 11. Nxd4 Qxd4 12. Qxd4 Bxd4 13. O-O Be6 14. Bh6 Rfd8
15. Rac1 Rd7 16. b3 a6 17. Ne4 Bd5 18. Rfd1 Bc6 19. Ng5 Bxg2 20. Kxg2 Rad8 21.
Nf3 Bb2 22. Rxd7 Rxd7 23. Rc2 Ba3 24. e4 1/2-1/2

[Event "22nd ch-EUR Indiv 2022"]
[Site "Terme Catez SLO"]
[Date "2022.04.06"]
[Round "11.8"]
[White "Ponomariov, Ruslan"]
[Black "Michalik, Peter"]
[Result "1-0"]
[WhiteTitle "GM"]
[BlackTitle "GM"]
[WhiteElo "2636"]
[BlackElo "2585"]
[WhiteFideId "14103320"]
[BlackFideId "14907526"]
[EventDate "2022.03.27"]

1. e4 e5 2. Nf3 Nc6 3. Bb5 Nf6 4. d3 Bc5 5. c3 O-O 6. O-O d6 7. Re1 a6 8. Bxc6
bxc6 9. Bg5 h6 10. Bh4 Qe7 11. Nbd2 Qe6 12. d4 Bb6 13. Qa4 exd4 14. Nxd4 Bxd4
15. cxd4 Bd7 16. Qa5 Rfb8 17. f4 Rb5 18. Qc3 Nh7 19. f5 Qe8 20. b3 f6 21. a4 Rb7
22. Bg3 Qf7 23. Re3 Rab8 24. Rf1 Be8 25. e5 Qd5 26. Qc4 dxe5 27. dxe5 Rb4 28.
Qxd5+ cxd5 29. e6 Rc8 30. Rc3 c6 31. Bd6 Rd4 32. Rf2 g6 33. Bc5 Rg4 34. h3 Rh4
35. g4 h5 36. Rg3 Ng5 37. Kg2 hxg4 38. hxg4 Kg7 39. Be3 Nh7 40. Nf3 g5 41. Nxh4
gxh4 42. Rh3 d4 43. Bxd4 c5 44. Be3 1-0

[Event "22nd ch-EUR Indiv 2022"]
[Site "Terme Catez SLO"]
[Date "2022.04.06"]
[Round "11.9"]
[White "Martirosyan, Haik M."]
[Black "Kobo, Ori"]
[Result "1/2-1/2"]
[WhiteTitle "GM"]
[BlackTitle "GM"]
[WhiteElo "2633"]
[BlackElo "2510"]
[WhiteFideId "13306553"]
[BlackFideId "2812320"]
[EventDate "2022.03.27"]

1. d4 Nf6 2. c4 g6 3. f3 Bg7 4. e4 d6 5. Nc3 O-O 6. Nge2 a6 7. Be3 Nbd7 8. Ng3
h5 9. Be2 h4 10. Nf1 c5 11. d5 b5 12. cxb5 axb5 13. Bxb5 h3 14. g3 Ba6 15. Bxa6
Rxa6 16. Nd2 Qa8 17. O-O Rb8 18. Qc2 Ne5 19. b3 1/2-1/2

[Event "22nd ch-EUR Indiv 2022"]
[Site "Terme Catez SLO"]
[Date "2022.04.06"]
[Round "11.10"]
[White "Indjic, Aleksandar"]
[Black "Ter-Sahakyan, Samvel"]
[Result "1/2-1/2"]
[WhiteTitle "GM"]
[BlackTitle "GM"]
[WhiteElo "2605"]
[BlackElo "2632"]
[WhiteFideId "911925"]
[BlackFideId "13302531"]
[EventDate "2022.03.27"]

1. e4 c5 2. c3 Nf6 3. e5 Nd5 4. Nf3 d6 5. exd6 e6 6. g3 Bxd6 7. Bg2 O-O 8. O-O
b6 9. d4 Bb7 10. dxc5 Bxc5 11. c4 Nf6 12. Qe2 Nbd7 13. Nc3 Qe7 14. Rd1 Rac8 15.
Bf4 e5 16. Nxe5 Nxe5 17. Bxe5 Rfe8 18. Re1 Bxg2 19. Kxg2 Qb7+ 20. Qf3 Qxf3+ 21.
Kxf3 Bxf2 22. Re2 Nd7 23. Bxg7 Rxe2 24. Kxe2 Kxg7 25. Kxf2 Rxc4 26. Rd1 Nf6 27.
Kf3 h5 28. h4 Ng4 29. Rd5 Kh6 30. Ke2 Rc7 31. Kd3 f6 32. Ne2 Ne5+ 33. Ke4 Rc2
34. Nf4 Rxb2 35. Kf5 Rxa2 36. Kxf6 Ng4+ 37. Ke7 Ra5 38. Rd6+ Kh7 39. Rd7 Kh6 40.
Rd6+ Kh7 41. Rd7 Kh6 1/2-1/2

[Event "22nd ch-EUR Indiv 2022"]
[Site "Terme Catez SLO"]
[Date "2022.04.06"]
[Round "11.12"]
[White "Durarbayli, Vasif"]
[Black "Kramer, Julian"]
[Result "1-0"]
[WhiteTitle "GM"]
[BlackTitle "IM"]
[WhiteElo "2628"]
[BlackElo "2423"]
[WhiteFideId "13402935"]
[BlackFideId "12921742"]
[EventDate "2022.03.27"]

1. e4 c5 2. Nf3 d6 3. d4 cxd4 4. Nxd4 Nf6 5. Nc3 Nc6 6. Bg5 e6 7. Qd2 a6 8.
O-O-O Nxd4 9. Qxd4 Be7 10. f4 O-O 11. h4 Qc7 12. e5 dxe5 13. Qxe5 Qb6 14. Bd3
Bd7 15. Rh3 Rac8 16. Rg3 Qf2 17. Rf3 Qxg2 18. Rff1 Ng4 19. Qe2 Qxe2 20. Bxe2
Bxg5 21. Bxg4 Bxh4 22. Rxd7 b5 23. Be2 Rfd8 24. Ra7 Ra8 25. Rxa8 Rxa8 26. a4 b4
27. Ne4 a5 28. c4 bxc3 29. bxc3 f5 30. Nd2 Bf6 31. Kc2 h6 32. Bc4 Kf7 33. Re1
Re8 34. Nb3 g5 35. fxg5 hxg5 36. Nxa5 g4 37. Nb7 Kg6 38. Bxe6 f4 39. Bf7+ Kxf7
40. Nd6+ Kg6 41. Rxe8 g3 42. Rg8+ 1-0

[Event "22nd ch-EUR Indiv 2022"]
[Site "Terme Catez SLO"]
[Date "2022.04.06"]
[Round "11.13"]
[White "Tari, Aryan"]
[Black "Moroni, Luca Jr"]
[Result "1-0"]
[WhiteTitle "GM"]
[BlackTitle "GM"]
[WhiteElo "2653"]
[BlackElo "2588"]
[WhiteFideId "1510045"]
[BlackFideId "865834"]
[EventDate "2022.03.27"]

1. e4 e5 2. Nf3 Nc6 3. Bc4 Bc5 4. c3 Nf6 5. d3 d6 6. O-O a6 7. a4 Ba7 8. Re1 h6
9. Nbd2 g5 10. b4 Nh7 11. Kh1 O-O 12. Rf1 Ne7 13. Ra3 Kg7 14. d4 Ng6 15. Bd3 Nf4
16. Bb1 g4 17. Ng1 b5 18. axb5 axb5 19. c4 Be6 20. dxe5 dxe5 21. c5 Qd4 22. Ba2
Nf6 23. Bxe6 fxe6 24. Qb3 Rfd8 25. Qa2 Rd7 26. c6 Rdd8 27. Bb2 Qxd2 28. Rxa7
Rxa7 29. Qxa7 Qd6 30. f3 Ra8 31. Qe3 Ra2 32. Rf2 Qd3 33. Qc5 Qd6 34. Qxd6 cxd6
35. Rd2 gxf3 36. gxf3 Ng6 37. Ne2 Kf7 38. Nc3 Ra6 39. c7 Ne7 40. Nxb5 Ne8 41. f4
exf4 42. e5 d5 43. Rf2 Kg8 44. Rc2 Nc8 45. Bd4 f3 46. Kg1 1-0

[Event "22nd ch-EUR Indiv 2022"]
[Site "Terme Catez SLO"]
[Date "2022.04.06"]
[Round "11.14"]
[White "Anton Guijarro, David"]
[Black "Asadli, Vugar"]
[Result "1-0"]
[WhiteTitle "GM"]
[BlackTitle "GM"]
[WhiteElo "2694"]
[BlackElo "2579"]
[WhiteFideId "2285525"]
[BlackFideId "13405764"]
[EventDate "2022.03.27"]

1. e4 c5 2. Nf3 e6 3. c3 d5 4. exd5 exd5 5. Bb5+ Nc6 6. d4 Bd6 7. dxc5 Bxc5 8.
O-O Nf6 9. Bg5 Be6 10. Nbd2 h6 11. Bh4 O-O 12. Nb3 Bb6 13. Nfd4 Bd7 14. a4 a6
15. Bd3 Re8 16. Nxc6 bxc6 17. a5 Ba7 18. Bxa6 g5 19. Bg3 h5 20. Bb7 h4 21. Bxa8
hxg3 22. hxg3 Qxa8 23. Nd4 Ne4 24. Re1 Qb8 25. Qc1 f6 26. b4 Kf7 27. Qe3 Qe5 28.
Nxc6 Bxc6 29. Qxa7+ Re7 30. Qd4 1-0

[Event "22nd ch-EUR Indiv 2022"]
[Site "Terme Catez SLO"]
[Date "2022.04.06"]
[Round "11.15"]
[White "Mchedlishvili, Mikheil"]
[Black "Deac, Bogdan-Daniel"]
[Result "1/2-1/2"]
[WhiteTitle "GM"]
[BlackTitle "GM"]
[WhiteElo "2584"]
[BlackElo "2679"]
[WhiteFideId "13600966"]
[BlackFideId "1226380"]
[EventDate "2022.03.27"]

1. d4 Nf6 2. Bf4 d5 3. Nf3 c5 4. e3 Nc6 5. Nbd2 Qb6 6. dxc5 Qxb2 7. Rb1 Qc3 8.
Bb5 g6 9. e4 dxe4 10. Be5 Qa5 11. O-O exf3 12. Bxc6+ bxc6 13. Qxf3 Qd8 14. Rfe1
Bg7 15. Bxf6 O-O 16. Bxg7 Kxg7 17. Qxc6 Bf5 18. Nb3 Bxc2 19. Rbc1 Rc8 20. Qa6
Bxb3 21. axb3 Rc7 22. b4 Qd4 23. Rc4 Qb2 24. c6 Rb8 25. Qa4 Rb6 26. g3 h5 27. h4
a6 28. Rec1 Qe5 29. Qc2 Rb5 30. Re4 Qd6 31. Rc4 Qe5 32. Qd1 Rd5 33. Qf3 a5 34.
Rf4 e6 35. bxa5 Rxa5 36. Rfc4 Rd5 37. Kg2 Qf6 38. Qe3 Qb2 39. R1c2 Qa1 40. Rc1
Qb2 41. R1c2 Qa1 42. Rc1 1/2-1/2

[Event "22nd ch-EUR Indiv 2022"]
[Site "Terme Catez SLO"]
[Date "2022.04.06"]
[Round "11.16"]
[White "Jobava, Baadur"]
[Black "Areshchenko, Alexander"]
[Result "1/2-1/2"]
[WhiteTitle "GM"]
[BlackTitle "GM"]
[WhiteElo "2588"]
[BlackElo "2670"]
[WhiteFideId "13601520"]
[BlackFideId "14109530"]
[EventDate "2022.03.27"]

1. b3 e5 2. Bb2 Nc6 3. Nf3 e4 4. Nd4 Nxd4 5. Bxd4 d5 6. e3 Nf6 7. c4 Be7 8. Nc3
dxc4 9. Bxc4 O-O 10. O-O c6 11. Qc2 b5 12. Be2 Bf5 13. Rad1 Re8 14. d3 exd3 15.
Bxd3 Bxd3 16. Rxd3 Qa5 17. Rfd1 Rac8 18. h3 h6 19. R3d2 Rcd8 20. Ne2 c5 21. Bc3
Qc7 22. Ng3 Rxd2 23. Rxd2 Bd6 24. Ba5 Qc6 25. Nf5 Bf8 26. Rd1 Ne4 1/2-1/2

[Event "22nd ch-EUR Indiv 2022"]
[Site "Terme Catez SLO"]
[Date "2022.04.06"]
[Round "11.17"]
[White "Sargsyan, Shant"]
[Black "Lodici, Lorenzo"]
[Result "1-0"]
[WhiteTitle "GM"]
[BlackTitle "GM"]
[WhiteElo "2639"]
[BlackElo "2537"]
[WhiteFideId "13306766"]
[BlackFideId "884189"]
[EventDate "2022.03.27"]

1. Nf3 c5 2. c4 Nc6 3. Nc3 g6 4. g3 Bg7 5. Bg2 d6 6. O-O Bf5 7. a3 Qd7 8. Qa4
Nf6 9. d3 O-O 10. Bd2 a6 11. Ne1 Bh3 12. Rb1 Rfb8 13. Bxc6 Qxc6 14. Qxc6 bxc6
15. Ng2 Rb3 16. Rfc1 Rab8 17. Nd1 Nd7 18. Bc3 Bh6 19. Nge3 Nb6 20. Rc2 Na4 21.
Ra1 e5 22. Ra2 f6 23. Bd2 Kf7 24. f3 Be6 25. Nf1 Bf8 26. Ba5 d5 27. Nd2 R3b7 28.
b3 Nb6 29. Bxb6 Rxb6 30. Nc3 d4 31. Na4 R6b7 32. Kf2 f5 33. h4 Ke8 34. Ra1 a5
35. Rh1 h5 36. f4 e4 37. Kg2 Rxb3 38. Nxb3 Rxb3 39. Rb2 Rxa3 40. Rb8+ Kf7 41.
Nb2 Ra2 42. Rb1 a4 43. Kf1 g5 44. hxg5 h4 45. gxh4 Bd6 46. Ra8 a3 47. Nd1 Bxf4
48. Rb7+ Kg6 49. Rh8 Bf7 50. Rh6+ Kg7 51. Rf6 Ra1 52. h5 Rxd1+ 53. Kg2 Bd6 54.
Rfxf7+ Kg8 55. Rg7+ Kf8 56. Rbf7+ Ke8 57. g6 Bf8 58. Rg8 a2 59. Rgxf8# 1-0

[Event "22nd ch-EUR Indiv 2022"]
[Site "Terme Catez SLO"]
[Date "2022.04.06"]
[Round "11.18"]
[White "Yuffa, Daniil"]
[Black "Petrosyan, Manuel"]
[Result "0-1"]
[WhiteTitle "GM"]
[BlackTitle "GM"]
[WhiteElo "2576"]
[BlackElo "2637"]
[WhiteFideId "24131423"]
[BlackFideId "13300857"]
[EventDate "2022.03.27"]

1. Nf3 d5 2. g3 g6 3. Bg2 Bg7 4. d4 Nf6 5. O-O O-O 6. c4 dxc4 7. Na3 c5 8. Nxc4
Be6 9. Nfe5 cxd4 10. Bxb7 Nbd7 11. Nc6 Qe8 12. N4a5 Bh3 13. Qxd4 Bxf1 14. Kxf1
Nb6 15. Bd2 e5 16. Qh4 Qe6 17. Kg1 Rae8 18. Nxa7 e4 19. Bc6 Rd8 20. Bg5 Qe5 21.
Nb3 Qxb2 22. Bxf6 Bxf6 23. Qxe4 Rd6 24. Qb4 Nc8 25. Bf3 Rb6 26. Nb5 Nd6 27. a4
Rfb8 28. Rc1 Nxb5 29. axb5 Rxb5 30. Rc8+ Rxc8 31. Qxb5 Kg7 32. Kg2 Rc7 33. Qd5
Ra7 34. g4 h6 35. h3 Ra3 36. Nc5 Qc1 37. Nd3 Qc7 38. Qc5 Qxc5 39. Nxc5 Ra2 40.
Nd3 Ra5 41. Nf4 Bg5 42. Nd3 Be7 43. Nf4 Bd6 44. Nd3 f5 45. Nb2 Rc5 46. Nd3 Rb5
47. Ne1 Kf6 48. Nd3 Rb1 49. gxf5 Kxf5 50. Bd5 Kf6 51. Bc6 Ra1 52. Bb7 Ra2 53.
Bf3 Kg5 54. Nc1 Rc2 55. Nd3 h5 56. Ne1 Ra2 57. e3 Ra1 58. Nc2 Rc1 59. Be4 Bc5
60. Kg3 Kf6 61. Kg2 g5 62. Bd3 Rd1 63. Be4 Rd2 64. Kf1 g4 65. hxg4 hxg4 66. Ke1
Rd8 67. Ke2 Re8 68. Bd5 Kg5 69. Ne1 Bd6 70. Ng2 Rb8 71. Be4 Rb2+ 72. Ke1 Kf6 73.
Bd5 Bh2 74. Kf1 Rb1+ 75. Ne1 g3 76. Be4 Ra1 77. Bd5 Kf5 78. Bf3 Kg5 79. Bd5 Kh4
80. f4 Rd1 81. Be6 Rxe1+ 0-1

[Event "22nd ch-EUR Indiv 2022"]
[Site "Terme Catez SLO"]
[Date "2022.04.06"]
[Round "11.19"]
[White "Svane, Rasmus"]
[Black "Suleymanli, Aydin"]
[Result "1/2-1/2"]
[WhiteTitle "GM"]
[BlackTitle "GM"]
[WhiteElo "2637"]
[BlackElo "2525"]
[WhiteFideId "4657101"]
[BlackFideId "13413937"]
[EventDate "2022.03.27"]

1. e4 e6 2. d4 d5 3. Nd2 c5 4. Ngf3 cxd4 5. Nxd4 Nc6 6. Bb5 Bd7 7. Nxc6 bxc6 8.
Bd3 Bd6 9. Qe2 Qc7 10. Nf3 dxe4 11. Qxe4 Nf6 12. Qh4 h6 13. Nd2 Bf4 14. Ne4 Nd5
15. Bxf4 Qxf4 16. Qxf4 Nxf4 17. O-O-O Ke7 18. Nc5 Rhd8 19. g3 Nxd3+ 20. Rxd3 Be8
21. c4 Rxd3 22. Nxd3 Rd8 23. Kc2 f6 24. Kc3 Bg6 25. Nc5 Bf5 26. b4 g5 27. a4 e5
28. b5 Rd4 29. Ra1 Kd6 30. Nb3 Rd3+ 31. Kb4 Bg6 32. Ra2 f5 33. Nc5 Rd1 34. Nb7+
Kc7 35. Na5 Be8 36. Re2 e4 37. g4 Kb6 38. c5+ Kc7 39. Nc4 cxb5 40. Nd6 Rd4+ 41.
Kc3 Rd3+ 42. Kb4 Rd4+ 43. Kc3 Rd3+ 44. Kb4 1/2-1/2

[Event "22nd ch-EUR Indiv 2022"]
[Site "Terme Catez SLO"]
[Date "2022.04.06"]
[Round "11.20"]
[White "Abasov, Nijat"]
[Black "Saraci, Nderim"]
[Result "1-0"]
[WhiteTitle "GM"]
[BlackTitle "IM"]
[WhiteElo "2630"]
[BlackElo "2488"]
[WhiteFideId "13402960"]
[BlackFideId "6351921"]
[EventDate "2022.03.27"]

1. Nf3 Nf6 2. g3 g6 3. Bg2 Bg7 4. c4 O-O 5. O-O c6 6. d4 d5 7. b3 Ne4 8. Bb2 Bf5
9. Nc3 Nxc3 10. Bxc3 Be4 11. Qd2 Nd7 12. Rac1 e6 13. Rfd1 a5 14. Bf1 Bxf3 15.
exf3 a4 16. Qc2 Re8 17. cxd5 exd5 18. bxa4 Nf8 19. Rb1 Ra7 20. a5 Ne6 21. Rb6
Qc7 22. Qd2 Rea8 23. Bh3 Nf8 24. Rdb1 c5 25. dxc5 Bxc3 26. Qxc3 d4 27. Qxd4 Rxa5
28. Rxb7 Qxc5 29. Qf6 Qd5 30. Re7 1-0

[Event "22nd ch-EUR Indiv 2022"]
[Site "Terme Catez SLO"]
[Date "2022.04.06"]
[Round "11.21"]
[White "Nguyen, Thai Dai Van"]
[Black "Nesterov, Arseniy"]
[Result "0-1"]
[WhiteTitle "GM"]
[BlackTitle "GM"]
[WhiteElo "2623"]
[BlackElo "2522"]
[WhiteFideId "358878"]
[BlackFideId "24198455"]
[EventDate "2022.03.27"]

1. d4 d5 2. c4 c6 3. Nf3 Nf6 4. Nc3 e6 5. Bg5 dxc4 6. e4 b5 7. e5 h6 8. Bh4 g5
9. Nxg5 hxg5 10. Bxg5 Be7 11. exf6 Bxf6 12. Bxf6 Qxf6 13. g3 Bb7 14. Bg2 Na6 15.
Ne4 Qe7 16. O-O O-O-O 17. h4 c5 18. a4 Rxd4 19. Qe2 b4 20. Rad1 Bd5 21. Ng5 Bxg2
22. Kxg2 Qb7+ 23. Kg1 Qd5 24. Nxf7 Rf8 25. Ng5 Nc7 26. Rc1 Rf5 27. Rfd1 c3 28.
bxc3 bxc3 29. Rf1 Rd2 30. Qg4 Rfxf2 31. Rxf2 Rxf2 32. Ne4 Rb2 33. Rxc3 Qd4+ 34.
Kh1 Rb1+ 35. Kg2 Qg1+ 36. Kf3 Rf1+ 37. Ke2 Qg2+ 0-1

[Event "22nd ch-EUR Indiv 2022"]
[Site "Terme Catez SLO"]
[Date "2022.04.06"]
[Round "11.22"]
[White "Bartel, Mateusz"]
[Black "Gokerkan, Cem Kaan"]
[Result "1-0"]
[WhiteTitle "GM"]
[BlackTitle "IM"]
[WhiteElo "2616"]
[BlackElo "2445"]
[WhiteFideId "1112635"]
[BlackFideId "6336760"]
[EventDate "2022.03.27"]

1. e4 c5 2. Nf3 d6 3. d4 cxd4 4. Nxd4 Nf6 5. Nc3 a6 6. Be2 e5 7. Nb3 Be7 8. Qd3
O-O 9. Be3 Be6 10. Nd5 Nxd5 11. exd5 Bc8 12. Qd2 Nd7 13. O-O h6 14. Na5 Bg5 15.
b4 f5 16. f4 exf4 17. Bxf4 Bf6 18. Rad1 g5 19. Be3 f4 20. Bd4 Ne5 21. c4 Rf7 22.
c5 dxc5 23. Bxe5 Bxe5 24. bxc5 Qf6 25. Nb3 g4 26. Bc4 b5 27. cxb6 Qxb6+ 28. Kh1
Bd6 29. Nd4 Qd8 30. Ne6 Qh4 31. Qc2 Qh5 32. Bd3 f3 33. gxf3 Rxf3 34. Rxf3 gxf3
35. Rg1+ Kh8 36. Bg6 Qe5 37. Qd2 Bf8 38. Nxf8 1-0

[Event "22nd ch-EUR Indiv 2022"]
[Site "Terme Catez SLO"]
[Date "2022.04.06"]
[Round "11.23"]
[White "Can, Emre"]
[Black "Brkic, Ante"]
[Result "0-1"]
[WhiteTitle "GM"]
[BlackTitle "GM"]
[WhiteElo "2578"]
[BlackElo "2607"]
[WhiteFideId "6302181"]
[BlackFideId "14506688"]
[EventDate "2022.03.27"]

1. d4 Nf6 2. c4 e6 3. Nf3 d5 4. g3 Bb4+ 5. Bd2 Be7 6. Bg2 O-O 7. Qc2 Nbd7 8. h4
dxc4 9. Qxc4 c5 10. dxc5 Nxc5 11. O-O b5 12. Qxb5 Ba6 13. Qa5 Bxe2 14. Re1 Bxf3
15. Bxf3 Nd3 16. Re2 Rc8 17. Qxd8 Rfxd8 18. Be3 Ne5 19. Bb7 Rc7 20. Ba6 Rd1+ 21.
Kg2 Nd5 22. Bd2 Bf6 23. Re1 Rxe1 24. Bxe1 Nd3 25. Bc3 N3b4 0-1

[Event "22nd ch-EUR Indiv 2022"]
[Site "Terme Catez SLO"]
[Date "2022.04.06"]
[Round "11.24"]
[White "Van Foreest, Lucas"]
[Black "Pechac, Jergus"]
[Result "1/2-1/2"]
[WhiteTitle "GM"]
[BlackTitle "GM"]
[WhiteElo "2572"]
[BlackElo "2599"]
[WhiteFideId "1039792"]
[BlackFideId "14926970"]
[EventDate "2022.03.27"]

1. d4 d5 2. c4 c6 3. Nf3 Nf6 4. cxd5 cxd5 5. Nc3 a6 6. Bf4 Nc6 7. Rc1 Bf5 8. e3
Rc8 9. a3 e6 10. Be2 Bd6 11. Bxd6 Qxd6 12. O-O O-O 13. Na4 h6 14. h3 Rc7 15. Nc5
Ne4 16. Qb3 Qe7 17. Nxe4 dxe4 18. Ne5 Nxe5 19. dxe5 Rfc8 20. Rxc7 Qxc7 21. Rd1
b5 22. a4 Qxe5 23. axb5 axb5 24. Qxb5 Qxb5 25. Bxb5 Rb8 26. Bc6 Rxb2 27. Rd4 h5
28. Bxe4 Bxe4 29. Rxe4 1/2-1/2

[Event "22nd ch-EUR Indiv 2022"]
[Site "Terme Catez SLO"]
[Date "2022.04.06"]
[Round "11.25"]
[White "Muradli, Mahammad"]
[Black "Iturrizaga Bonelli, Eduardo"]
[Result "0-1"]
[WhiteTitle "IM"]
[BlackTitle "GM"]
[WhiteElo "2537"]
[BlackElo "2594"]
[WhiteFideId "13409301"]
[BlackFideId "3901211"]
[EventDate "2022.03.27"]

1. d4 Nf6 2. c4 e6 3. Nf3 d5 4. g3 dxc4 5. Bg2 c6 6. O-O b5 7. a4 Bb7 8. Ne5 a6
9. Nc3 Qb6 10. b3 cxb3 11. Qxb3 Be7 12. Rd1 O-O 13. Bg5 h6 14. Bxf6 Bxf6 15. Ne4
Bxe5 16. dxe5 c5 17. Rd6 Qc7 18. Rad1 Nc6 19. Rd7 Qxe5 20. f4 Qh5 21. Bf3 Qg6
22. f5 exf5 23. R1d6 Nd4 24. Qb2 Ne6 25. Nxc5 Bxf3 26. Nxe6 fxe6 27. exf3 Rf7
28. axb5 Rxd7 29. Rxd7 axb5 30. Rb7 Rd8 31. Rxb5 Rd1+ 32. Kg2 Qg5 33. f4 Qe7 34.
Rb7 Rd2+ 35. Kf3 Rd7 36. Rb8+ Kh7 37. Kg2 Qc5 38. Kh3 Qe3 39. Qb5 Qd2 40. Qe5
Qd1 41. Rb2 Qf1+ 42. Kh4 g5+ 43. fxg5 hxg5+ 0-1

[Event "22nd ch-EUR Indiv 2022"]
[Site "Terme Catez SLO"]
[Date "2022.04.06"]
[Round "11.27"]
[White "Ahmadzada, Ahmad"]
[Black "Safarli, Eltaj"]
[Result "1/2-1/2"]
[WhiteTitle "IM"]
[BlackTitle "GM"]
[WhiteElo "2480"]
[BlackElo "2589"]
[WhiteFideId "13413007"]
[BlackFideId "13402129"]
[EventDate "2022.03.27"]

1. e4 c5 2. Nf3 d6 3. Bb5+ Nd7 4. d4 cxd4 5. Qxd4 a6 6. Bxd7+ Bxd7 7. c4 Bg4 8.
Nc3 Nf6 9. Qd3 Rc8 10. b3 e6 11. O-O Be7 12. Nd4 O-O 13. h3 Bh5 14. f4 d5 15.
cxd5 Rxc3 16. Qxc3 Nxe4 17. Qe3 Qxd5 18. Bb2 Bc5 19. g4 Bg6 20. Rad1 f5 21. b4
Bb6 22. Qb3 Qxb3 23. axb3 fxg4 24. hxg4 Ng3 25. Rf2 Ne4 26. Rff1 Nf6 27. f5 exf5
28. gxf5 Bh5 29. Rde1 Rd8 30. Rf4 Bg4 31. Re6 Bc7 32. Rf2 Bb8 33. Re7 Ba7 34.
Rd2 Rd7 35. Rxd7 Nxd7 36. Rc2 Bxf5 37. Rc7 Bxd4+ 38. Bxd4 b5 39. Rc6 Kf7 40.
Rxa6 g6 41. Kf2 h5 1/2-1/2

[Event "22nd ch-EUR Indiv 2022"]
[Site "Terme Catez SLO"]
[Date "2022.04.06"]
[Round "11.28"]
[White "Yilmazyerli, Mert"]
[Black "Navara, David"]
[Result "1/2-1/2"]
[WhiteTitle "IM"]
[BlackTitle "GM"]
[WhiteElo "2466"]
[BlackElo "2700"]
[WhiteFideId "6305962"]
[BlackFideId "309095"]
[EventDate "2022.03.27"]

1. Nf3 d5 2. g3 c6 3. Bg2 Bg4 4. c4 e6 5. cxd5 Bxf3 6. Bxf3 cxd5 7. O-O Nc6 8.
Nc3 Nf6 9. d4 Be7 10. e4 dxe4 11. Nxe4 O-O 12. Nxf6+ Bxf6 13. d5 exd5 14. Qxd5
Qxd5 15. Bxd5 Rfd8 16. Bxc6 bxc6 17. Rb1 a5 18. Be3 a4 19. Rfc1 1/2-1/2

[Event "22nd ch-EUR Indiv 2022"]
[Site "Terme Catez SLO"]
[Date "2022.04.06"]
[Round "11.29"]
[White "Korobov, Anton"]
[Black "Gavrilescu, David"]
[Result "1/2-1/2"]
[WhiteTitle "GM"]
[BlackTitle "IM"]
[WhiteElo "2695"]
[BlackElo "2512"]
[WhiteFideId "14105730"]
[BlackFideId "1227190"]
[EventDate "2022.03.27"]

1. d4 d5 2. c4 e6 3. Nc3 Nf6 4. cxd5 exd5 5. Bg5 Bb4 6. e3 h6 7. Bxf6 Qxf6 8.
Qb3 c5 9. dxc5 Bxc3+ 10. Qxc3 Qxc3+ 11. bxc3 O-O 12. Ne2 Nd7 13. Nf4 Nxc5 14.
Nxd5 Be6 15. Nc7 Rac8 16. Nxe6 fxe6 17. Be2 Rfd8 18. Rd1 1/2-1/2

[Event "22nd ch-EUR Indiv 2022"]
[Site "Terme Catez SLO"]
[Date "2022.04.06"]
[Round "11.30"]
[White "Petkov, Momchil"]
[Black "Grandelius, Nils"]
[Result "1-0"]
[WhiteTitle "IM"]
[BlackTitle "GM"]
[WhiteElo "2465"]
[BlackElo "2663"]
[WhiteFideId "2921642"]
[BlackFideId "1710400"]
[EventDate "2022.03.27"]

1. d4 Nf6 2. c4 e6 3. g3 Bb4+ 4. Bd2 Be7 5. Bg2 d5 6. Nf3 O-O 7. O-O c6 8. Qc2
Nbd7 9. Bf4 a5 10. Rd1 h6 11. h4 b6 12. Ne5 Bb7 13. Nc3 Rc8 14. e4 Nh5 15. Be3
Nhf6 16. Bf4 Bb4 17. Nxd7 Nxd7 18. a3 Bxc3 19. Qxc3 Ba6 20. b3 a4 21. Bd6 Re8
22. c5 axb3 23. Qxb3 Bc4 24. Qb4 Ra8 25. Re1 bxc5 26. dxc5 Nf6 27. e5 Nd7 28.
Rec1 Ba6 29. a4 Ra7 30. Rcb1 Qa8 31. Qc3 Rb7 32. g4 Be2 33. a5 Qa6 34. g5 hxg5
35. hxg5 Rxb1+ 36. Rxb1 Ra8 37. g6 Bh5 38. Bf1 Qc8 39. gxf7+ Bxf7 40. Qh3 Nf8
41. a6 Bg6 42. Rb7 Bf5 43. Qb3 Qd8 44. a7 Be4 45. Bxf8 Qh4 46. Qh3 1-0

[Event "22nd ch-EUR Indiv 2022"]
[Site "Terme Catez SLO"]
[Date "2022.04.06"]
[Round "11.31"]
[White "Shevchenko, Kirill"]
[Black "Brunello, Sabino"]
[Result "1/2-1/2"]
[WhiteTitle "GM"]
[BlackTitle "GM"]
[WhiteElo "2652"]
[BlackElo "2508"]
[WhiteFideId "14129574"]
[BlackFideId "813613"]
[EventDate "2022.03.27"]

1. e4 e5 2. Nf3 Nc6 3. Bb5 a6 4. Ba4 Nf6 5. O-O Nxe4 6. d4 b5 7. Bb3 d5 8. dxe5
Be6 9. Nbd2 Be7 10. c3 Qd7 11. Re1 Nc5 12. Bc2 d4 13. Nb3 dxc3 14. Nxc5 Bxc5 15.
Be4 O-O-O 16. Qc2 Bd5 17. Bf5 Be6 18. Be4 Bd5 19. bxc3 Bxe4 20. Qxe4 Qd5 21.
Qg4+ Kb7 22. Be3 Bxe3 23. Rxe3 Rhe8 24. Rae1 f6 25. e6 Re7 26. a4 Rd6 27. axb5
axb5 28. Rb1 Rexe6 29. Rxe6 Rxe6 30. c4 Qe4 31. Rxb5+ Ka6 32. h3 Qxg4 33. hxg4
Na5 34. g5 c6 35. Rb8 Nxc4 36. Rh8 fxg5 37. Rxh7 g4 38. Nd4 Rd6 39. Nf5 Rd5 40.
Ne7 Rd7 41. Rxg7 Nd2 42. Nf5 Rxg7 43. Nxg7 c5 44. Nf5 c4 45. Ne3 c3 1/2-1/2